000 01029nam a2200289 a 4500
001 000004412
003 DO-SdBPM
005 20250530122532.0
008 090722s2012 ag 000 0 spa d
020 _a9789876124102
040 _aDO-SdBPM
_bspa
_cBPMSU
082 4 _a155.937
_bS773s 2012
_222
100 1 _aSquellati Florence, Susan
245 1 3 _aLo siento mucho :
_bpalabras ante el dolor de una pérdida /
_c Susan Squellati Florence ; traductor Enriqueta Naón Roca
260 _a Buenos Aires, Argentina :
_bV&R Editora,
_c2012
300 _a48 p. ;
_c20 cm.
500 _a
500 _aIncluye datos biográficos en la solapa de la cubierta
500 _aIncluye referencias bibliográficas y notas al pie de las páginas
590 _aInventariado, 2025/VM
650 4 _aDuelo
_xAspectos psicologícos
650 4 _aLuto
_xAspectos psicologícos
650 4 _a Pérdida (Psicología)
_x
700 1 _aNaón Roca, Enriqueta
_etraductor
910 _aVMateo V. Control de calidad. BPMSU
942 _2ddc
_cBK
999 _c15121
_d15121